000 01012cam a22001814a 4500
005 20250605164405.0
008 250528s ||||||||||||||||||||||||d
035 _a24786
040 _aGR-AtMCL
_bgre
_dGR-AtMCL
_eAACR2
245 1 _aCognitive Science / An Introduction
300 _a416
520 _aThis new text introduces students to the concepts, methods and findings in fundamental to the science of mind. Acknowledgements, Introduction, Explanation and Simulation in Cognitive Science, The Architecture of the Mind: Modularity and Modularization, Surfaces and Objects and Faces, Producing and Perceiving Speech, How Many Routes in Reading?, The Structure of Sentences, Meaning and Conversation, Pragmatics and the Development of Communicative Ability, Learning and Memory, How we Solve Problems, The Control of Thought and Action, Glossary, References, Subject and Name Index.
700 1 _aGreen David W
_99543
942 _cBK
260 _bBlackwell Publishers
999 _c9635
_d9635